[Event "Havana Guines"]
[Site "Havana"]
[Date "2000.??.??"]
[Round "9"]
[White "Diaz, Dagoberto"]
[Black "Sanchez Cabrera, Circe"]
[Result "1/2-1/2"]
[WhiteElo "2145"]
[BlackElo "2100"]
[PlyCount "24"]
[EventDate "2000.??.??"]
[EventType "tourn"]
[EventRounds "9"]
[EventCountry "CUB"]
[SourceTitle "EXT 2003"]
[Source "ChessBase"]
[SourceDate "2002.11.25"]
[SourceVersion "1"]
[SourceVersionDate "2002.11.25"]
[SourceQuality "1"]

1. d4 Nf6 2. Bg5 Ne4 3. h4 c5 4. d5 Qb6 5. Qc1 d6 6. Nf3 g6 7. c3 Bg7 8. Nbd2 Nxd2 9. Nxd2 Nd7 10. Nc4 Qc7 11. a4 Ne5 12. Nxe5 Bxe5 1/2-1/2

[Event "Havana Guines"]
[Site "Havana"]
[Date "2000.??.??"]
[Round "7"]
[White "Olivares Canelles, Francisco"]
[Black "Sanchez Cabrera, Circe"]
[Result "1-0"]
[WhiteElo "2000"]
[BlackElo "2100"]
[PlyCount "83"]
[EventDate "2000.??.??"]
[EventType "tourn"]
[EventRounds "9"]
[EventCountry "CUB"]
[SourceTitle "EXT 2003"]
[Source "ChessBase"]
[SourceDate "2002.11.25"]
[SourceVersion "1"]
[SourceVersionDate "2002.11.25"]
[SourceQuality "1"]

1. e4 e5 2. Nc3 Nc6 3. g3 Bc5 4. Bg2 d6 5. d3 h5 6. h3 Be6 7. Na4 Qd7 8. Nxc5 dxc5 9. Be3 b6 10. f4 f6 11. Nf3 Qd6 12. Qd2 0-0-0 13. 0-0 Nge7 14. fxe5 fxe5 15. Ng5 Rdf8 16. h4 Nd4 17. b4 cxb4 18. Bxd4 exd4 19. e5 Qd7 20. Qxb4 c5 21. Qd2 Bd5 22. e6 Qc6 23. Bh3 Kb7 24. Nf7 Rhg8 25. Qg5 Re8 26. Ne5 Qd6 27. Rae1 Ka6 28. Nf7 Qc7 29. Re5 Bb7 30. c3 Nc6 31. Qc1 dxc3 32. Rf4 Bc8 33. Qxc3 Nxe5 34. Nxe5 Bxe6 35. Bxe6 Rgf8 36. Bd5 b5 37. d4 Qa5 38. Qxc5 Qe1+ 39. Kh2 Qd2+ 40. Kh3 Rxf4 41. Bb7+ Ka5 42. Nc4+ 1-0

[Event "Havana Guines"]
[Site "Havana"]
[Date "2000.??.??"]
[Round "1"]
[White "Sanchez Cabrera, Circe"]
[Black "Rivero, Carlos"]
[Result "0-1"]
[WhiteElo "2100"]
[BlackElo "2065"]
[PlyCount "60"]
[EventDate "2000.??.??"]
[EventType "tourn"]
[EventRounds "9"]
[EventCountry "CUB"]
[SourceTitle "EXT 2003"]
[Source "ChessBase"]
[SourceDate "2002.11.25"]
[SourceVersion "1"]
[SourceVersionDate "2002.11.25"]
[SourceQuality "1"]

1. e4 e6 2. d4 d5 3. Nc3 Bb4 4. e5 c5 5. Qg4 Ne7 6. Nf3 cxd4 7. Nxd4 Bxc3+ 8. bxc3 Qc7 9. Qg3 a6 10. Bd2 Nd7 11. f4 0-0 12. Bd3 Nc5 13. 0-0 f5 14. Kh1 Ne4 15. Qe1 Bd7 16. Rb1 b5 17. Rf3 Rac8 18. Rb3 Nc6 19. Rh3 Na5 20. Ra3 Nc4 21. Bxc4 Qxc4 22. Rd3 Rc7 23. Rxa6 Nc5 24. Rd6 Nxd3 25. cxd3 Qxd3 26. Nxe6 Bxe6 27. Rxe6 b4 28. cxb4 Rc2 29. Be3 Re2 30. Qh4 Qxe3 0-1

[Event "Havana Guines"]
[Site "Havana"]
[Date "2000.??.??"]
[Round "2"]
[White "Tamarit Beltran, Jesus"]
[Black "Sanchez Cabrera, Circe"]
[Result "1-0"]
[WhiteElo "2195"]
[BlackElo "2100"]
[PlyCount "39"]
[EventDate "2000.??.??"]
[EventType "tourn"]
[EventRounds "9"]
[EventCountry "CUB"]
[SourceTitle "EXT 2003"]
[Source "ChessBase"]
[SourceDate "2002.11.25"]
[SourceVersion "1"]
[SourceVersionDate "2002.11.25"]
[SourceQuality "1"]

1. c4 c5 2. Nc3 Nc6 3. Nf3 Nf6 4. d4 cxd4 5. Nxd4 g6 6. e4 d6 7. Be2 Bg7 8. 0-0 0-0 9. Be3 Bd7 10. Rc1 Ne5 11. h3 Be6 12. f4 Ned7 13. Bf3 Rc8 14. Qe2 Qa5 15. a3 Nb8 16. Qd2 a6 17. Nc2 Qc7 18. b4 Bd7 19. Nd4 Nc6 20. Nd5 1-0

[Event "CUB-ch (Women)"]
[Site "Cuba"]
[Date "1999.??.??"]
[Round "?"]
[White "Arribas Robaina, Maritza"]
[Black "Sanchez Cabrera, Circe"]
[Result "1-0"]
[WhiteElo "2322"]
[BlackElo "2145"]
[PlyCount "63"]
[EventDate "1999.??.??"]
[EventType "tourn"]
[EventRounds "13"]
[EventCountry "CUB"]
[SourceTitle "EXT 2000"]
[Source "ChessBase"]
[SourceDate "1999.11.16"]
[SourceVersion "1"]
[SourceVersionDate "1999.11.16"]
[SourceQuality "1"]

1. e4 e5 2. Nf3 Nc6 3. Bb5 a6 4. Ba4 Nf6 5. d3 Bc5 6. Bg5 h6 7. Bh4 d6 8. Nc3 Bb4 9. 0-0 Bxc3 10. bxc3 Bg4 11. Qe2 g5 12. Bg3 Nd7 13. Qe3 Bxf3 14. Qxf3 h5 15. h3 h4 16. Bh2 Qf6 17. Qe2 Nc5 18. Bxc6+ bxc6 19. d4 Ne6 20. Qc4 0-0 21. dxe5 dxe5 22. Qxc6 Kh7 23. Rad1 Qg7 24. g4 Qf6 25. Rd7 Rad8 26. Rfd1 Qf3 27. R1d3 Qe2 28. Qxe6 Qe1+ 29. Kg2 Qxe4+ 30. Kf1 Rxd7 31. Qxd7 Qh1+ 32. Bg1 1-0

[Event "CUB-ch (Women)"]
[Site "Cuba"]
[Date "1999.??.??"]
[Round "?"]
[White "Sanchez Cabrera, Circe"]
[Black "Fleites Marti, Yuleikys"]
[Result "1/2-1/2"]
[WhiteElo "2145"]
[BlackElo "2130"]
[PlyCount "59"]
[EventDate "1999.??.??"]
[EventType "tourn"]
[EventRounds "13"]
[EventCountry "CUB"]
[SourceTitle "EXT 2000"]
[Source "ChessBase"]
[SourceDate "1999.11.16"]
[SourceVersion "1"]
[SourceVersionDate "1999.11.16"]
[SourceQuality "1"]

1. e4 c5 2. f4 g6 3. Nf3 Bg7 4. Nc3 e6 5. Bc4 Ne7 6. d3 Nbc6 7. 0-0 0-0 8. Qe1 d5 9. Bb3 Na5 10. exd5 Nxb3 11. axb3 exd5 12. Na4 Qc7 13. b4 b6 14. Nxb6 Qxb6 15. Qxe7 cxb4+ 16. Be3 d4 17. Bd2 b3 18. Ba5 Qe6 19. Qxe6 Bxe6 20. cxb3 Bxb3 21. Bb4 Rfc8 22. Rfc1 Rxc1+ 23. Rxc1 a5 24. Ba3 h6 25. Rc7 Re8 26. Rd7 Re3 27. Bc5 Rxd3 28. Bxd4 Bxd4+ 29. Rxd4 Rxd4 30. Nxd4 1/2-1/2

[Event "CUB-ch (Women)"]
[Site "Matanzas"]
[Date "1998.??.??"]
[Round "?"]
[White "Arribas Robaina, Maritza"]
[Black "Sanchez Cabrera, Circe"]
[Result "1-0"]
[WhiteElo "2305"]
[BlackElo "2085"]
[PlyCount "47"]
[EventDate "1998.??.??"]
[EventType "tourn"]
[EventRounds "11"]
[EventCountry "CUB"]
[SourceTitle "EXT 2003"]
[Source "ChessBase"]
[SourceDate "2002.11.25"]
[SourceVersion "1"]
[SourceVersionDate "2002.11.25"]
[SourceQuality "1"]

1. d4 Nf6 2. c4 c5 3. d5 b5 4. cxb5 a6 5. bxa6 Bxa6 6. Nc3 d6 7. g3 g6 8. Bg2 Bg7 9. Nh3 0-0 10. 0-0 Nbd7 11. Re1 Qb6 12. Qc2 Rab8 13. Ng5 Rfc8 14. h4 Ne5 15. Nge4 Nxe4 16. Bxe4 Ng4 17. h5 c4 18. Rf1 Bd4 19. hxg6 fxg6 20. Bxg6 Nxf2 21. Bxh7+ Kh8 22. Qg6 Ng4+ 23. Kg2 Ne5 24. Qh5 1-0

[Event "Capablanca Memorial (Women)"]
[Site "Cienfuegos"]
[Date "1991.??.??"]
[Round "13"]
[White "Sanchez Cabrera, Circe"]
[Black "Frometa Castillo, Zirka"]
[Result "1-0"]
[WhiteElo "2290"]
[BlackElo "2200"]
[PlyCount "99"]
[EventDate "1991.??.??"]
[EventType "tourn"]
[EventRounds "13"]
[EventCountry "CUB"]
[SourceTitle "TD"]
[Source "ChessBase"]
[SourceDate "1994.03.01"]
[SourceVersion "1"]
[SourceVersionDate "1994.03.01"]
[SourceQuality "1"]

1. e4 c5 2. f4 Nc6 3. Nf3 e6 4. Bb5 Nd4 5. Nxd4 cxd4 6. c3 a6 7. Bd3 dxc3 8. dxc3 Bc5 9. Qg4 Nf6 10. Qg5 d6 11. Nd2 h6 12. Qg3 e5 13. f5 Nh5 14. Qf3 Nf4 15. Bc2 d5 16. Nb3 Bb6 17. Bxf4 exf4 18. Qxf4 Bc7 19. Qe3 Qe7 20. Nd4 0-0 21. 0-0-0 dxe4 22. Qxe4 Qf6 23. h4 Rb8 24. g4 b5 25. Qe3 Bb7 26. g5 Qe5 27. Qxe5 Bxe5 28. Rhf1 hxg5 29. hxg5 Rfc8 30. g6 Bd5 31. Nf3 Bf4+ 32. Kb1 Bc4 33. Bd3 b4 34. Bxc4 Rxc4 35. Rd4 Rxd4 36. Nxd4 Bd6 37. Nc6 Rb6 38. Nxb4 Bxb4 39. cxb4 Rxb4 40. Rd1 fxg6 41. fxg6 Rf4 42. Rd8+ Rf8 43. Rd7 Rf6 44. Rd8+ Rf8 45. Rxf8+ Kxf8 46. b4 Ke7 47. a4 Kd6 48. Kc2 Ke5 49. Kd3 Ke6 50. Kc4 1-0

[Event "Capablanca Memorial (Women)"]
[Site "Cienfuegos"]
[Date "1991.??.??"]
[Round "11"]
[White "Sanchez Cabrera, Circe"]
[Black "Leon, Eumelia"]
[Result "1/2-1/2"]
[WhiteElo "2290"]
[BlackElo "2055"]
[PlyCount "70"]
[EventDate "1991.??.??"]
[EventType "tourn"]
[EventRounds "13"]
[EventCountry "CUB"]
[SourceTitle "TD"]
[Source "ChessBase"]
[SourceDate "1994.03.01"]
[SourceVersion "1"]
[SourceVersionDate "1994.03.01"]
[SourceQuality "1"]

1. e4 c6 2. d4 d5 3. exd5 cxd5 4. Bd3 Nf6 5. c3 Nc6 6. Bf4 Qb6 7. Qc2 Bd7 8. Nf3 Rc8 9. Qe2 Bg4 10. 0-0 Bxf3 11. gxf3 e6 12. Kh1 Nh5 13. Bg3 Nxg3+ 14. hxg3 h5 15. Kg2 g5 16. Rh1 Bd6 17. Bg6 fxg6 18. Qxe6+ Ne7 19. Re1 Kd8 20. Qf6 Re8 21. Nd2 Kc7 22. Re6 Rf8 23. Rxe7+ Bxe7 24. Qxe7+ Kb8 25. Nb3 Rce8 26. Qxg5 Rf5 27. Qd2 Ref8 28. Nc5 Qd6 29. f4 g5 30. Qd3 a6 31. Re1 gxf4 32. Re6 Qd8 33. Nxa6+ Ka7 34. Qb5 fxg3 35. Qc5+ Ka8 1/2-1/2